| 000 | 00529nam a2200193 i 4500 | ||
|---|---|---|---|
| 001 | bg | ||
| 100 | 1 | _aJERZMANOWSKA, Zofia | |
| 245 | 1 | 0 |
_aAnaliza jakościowa związków organicznych / _cZofia Jerzmanowska. |
| 250 | _aWyd. 5 popr. i uzup. | ||
| 260 |
_aWarszawa : _bPZWL, _c1974. |
||
| 650 | 9 |
_aChemia organiczna _xzwiązki |
|
| 650 | 9 | _aAnaliza chemiczna jakościowa | |
| 655 | _aPodręczniki | ||
| 040 | _cBPK | ||
| 041 | 0 | _apol | |
| 080 | _a543.63.061(07) | ||
| 942 | _cKS | ||
| 008 | s pl f |000 0 pol | ||
| 999 |
_c35563 _d35563 |
||
| 856 |
_uhttp://koha.tu.koszalin.pl/cgi-bin/koha/opac-detail.pl?biblionumber=35563 _yKatalog online BPK |
||